Click the States Postal Abbreviation - Statistics

General Stats
  • This quiz has been taken 59 times
  • The average score is 44 of 50
Answer Stats
Hint Answer % Correct
Kansas KS
100%
Alabama AL
95%
Nevada NV
95%
Texas TX
95%
Washington WA
95%
California CA
93%
Louisiana LA
93%
North Carolina NC
93%
Nebraska NE
93%
Kentucky KY
91%
North Dakota ND
91%
New York NY
91%
Ohio OH
91%
Colorado CO
89%
Delaware DE
89%
Florida FL
89%
Georgia GA
89%
Hawaii HI
89%
Iowa IA
89%
Idaho ID
89%
Illinois IL
89%
Michigan MI
89%
New Hampshire NH
89%
New Jersey NJ
89%
Oklahoma OK
89%
Oregon OR
89%
Pennsylvania PA
89%
Rhode Island RI
89%
South Dakota SD
89%
Utah UT
89%
Wisconsin WI
89%
West Virginia WV
89%
Wyoming WY
89%
Alaska AK
86%
Massachusetts MA
86%
Minnesota MN
86%
New Mexico NM
86%
South Carolina SC
86%
Tennessee TN
86%
Virginia VA
86%
Arizona AZ
84%
Maine ME
84%
Vermont VT
84%
Maryland MD
77%
Arkansas AR
75%
Indiana IN
75%
Mississippi MS
75%
Connecticut CT
73%
Missouri MO
70%
Montana MT
59%
No matching quizzes found
Score Distribution
Percent of People with Each Score
Percentile by Number Answered
Your Score History
You have not taken this quiz